| 000 | 00520nam a22001577a 4500 | ||
|---|---|---|---|
| 003 | PILC | ||
| 005 | 20160530103504.0 | ||
| 008 | 160530b xxu||||| |||| 00| 0 eng d | ||
| 020 | _a9781412900256 | ||
| 050 |
_aTX 911.3.M27 _b.H828 2008 |
||
| 245 |
_aThe SAGE handbook of hospitality management / _cedited by Bob Brotherton and Roy C. Wood. |
||
| 260 |
_aLos Angeles : _bSAGE, _c2008. |
||
| 300 |
_axv, 555 pages : _billustrations ; _c24 cm. |
||
| 500 | _aIncludes bibliographical references and index. | ||
| 942 |
_2lcc _cBK |
||
| 999 |
_c295013 _d295013 |
||